| 000 | 00490ntaaa2200193 4500 | ||
|---|---|---|---|
| 003 | 01 | ||
| 005 | 20251027200933.0 | ||
| 008 | 0714s1973 ag 01 | ||
| 040 |
_aAR-BaBN _bspa _cAR-BaBN _eaacr _dRIC |
||
| 082 | _a289.9 Or8e | ||
| 100 |
_aOrsini, José _96159 |
||
| 245 |
_aEscuche mi confesión / _cJosé Orsini |
||
| 250 | _a1 ed. | ||
| 260 |
_aPlantfield : _bLogos, _c1971 |
||
| 300 | _a90 p | ||
| 650 | _aEspiritu Santo | ||
| 650 | _aMovimiento de Renovacion Carismatica | ||
| 942 | _cBK | ||
| 999 |
_c3390 _d3390 |
||